000 00701nam a2200205Ia 4500
003 GCL
008 140319s9999 xx 000 0 ara d
040 _aGCL /
_cGCL
082 0 4 _aق
_b962.02
_bم ت
100 1 _aمحمد رفعت
245 1 0 _aتاريخ مصر السياسى فى الازمنة الحديثة /
_cمحمد رفعت
260 _aالقاهرة :
_bالمطبعة الاميرية ،
_c1934
300 _a192 ص:
_bايض ؛
_c24 سم
490 _a
650 0 4 _aمصر
650 0 4 _aالسياسة والحكومة
650 0 4 _aمصر - تاريخ - العصر الحديث - عصر محمد على ( 1805- 1849 م )
650 0 4 _aمصر - تاريخ
942 _2ddc
_cBK
999 _c58812
_d58812